|
|
|
|
| LEADER |
00000cam a2200000 c 4500 |
| 001 |
273459821 |
| 003 |
DE-627 |
| 005 |
20251129020212.0 |
| 007 |
tu |
| 008 |
921218s1992 xx ||||| m 00| ||ger c |
| 015 |
|
|
|a 92,N45,0044
|2 dnb
|
| 015 |
|
|
|a 93,H06,0053
|2 dnb
|
| 016 |
7 |
|
|a 921448538
|2 DE-101
|
| 020 |
|
|
|a 3890735983
|9 3-89073-598-3
|
| 035 |
|
|
|a (DE-627)273459821
|
| 035 |
|
|
|a (DE-576)031197299
|
| 035 |
|
|
|a (DE-599)GBV273459821
|
| 035 |
|
|
|a (OCoLC)231402616
|
| 040 |
|
|
|a DE-627
|b ger
|c DE-627
|e rakwb
|
| 041 |
|
|
|a ger
|
| 084 |
|
|
|a 11
|a 14
|a 19
|2 sdnb
|
| 084 |
|
|
|a DG 8000
|2 rvk
|0 (DE-625)rvk/19561:
|
| 084 |
|
|
|a PH 8420
|2 rvk
|0 (DE-625)rvk/136501:
|
| 084 |
|
|
|a CW 8100
|2 rvk
|0 (DE-625)rvk/19208:
|
| 084 |
|
|
|a MS 2400
|q DE-FR129/1005
|2 rvk
|0 (DE-625)rvk/123637:
|
| 100 |
1 |
|
|a Kraus, Ludwig
|d 1955-
|0 (DE-588)130512370
|0 (DE-627)503032166
|0 (DE-576)298240793
|4 aut
|
| 109 |
|
|
|a Kraus, Ludwig 1955-
|a Kraus, Ludwig N. 1955-
|a Kraus, Ludwig Norbert 1955-
|
| 245 |
1 |
0 |
|a Jugenddelinquenz
|b empirische Untersuchung der Wirkung von erfolgten und nicht erfolgten strafrechtlichen Sanktionen auf die Delinquenz Jugendlicher
|c Ludwig Kraus
|
| 264 |
|
1 |
|a Regensburg
|b Roderer
|c 1992
|
| 300 |
|
|
|a 116 S.
|b graph. Darst.
|
| 336 |
|
|
|a Text
|b txt
|2 rdacontent
|
| 337 |
|
|
|a ohne Hilfsmittel zu benutzen
|b n
|2 rdamedia
|
| 338 |
|
|
|a Band
|b nc
|2 rdacarrier
|
| 490 |
1 |
|
|a Theorie und Forschung
|v 205
|a Psychologie
|v 78
|
| 490 |
1 |
|
|a Theorie und Forschung
|v 205
|
| 502 |
|
|
|a Zugl.: Regensburg, Univ., Diss., 1992
|
| 655 |
|
7 |
|a Hochschulschrift
|0 (DE-588)4113937-9
|0 (DE-627)105825778
|0 (DE-576)209480580
|2 gnd-content
|
| 689 |
0 |
0 |
|d s
|0 (DE-588)4128654-6
|0 (DE-627)10571576X
|0 (DE-576)209603933
|a Jugendlicher Rückfalltäter
|2 gnd
|
| 689 |
0 |
1 |
|d s
|0 (DE-588)4129203-0
|0 (DE-627)105711659
|0 (DE-576)209608595
|a Kriminelle Karriere
|2 gnd
|
| 689 |
0 |
2 |
|d s
|0 (DE-588)4169103-9
|0 (DE-627)105412511
|0 (DE-576)209920424
|a Mathematische Lerntheorie
|2 gnd
|
| 689 |
0 |
|
|5 DE-101
|
| 751 |
|
|
|a Regensburg
|0 (DE-588)4048989-9
|0 (DE-627)106188860
|0 (DE-576)209080019
|4 uvp
|
| 830 |
|
0 |
|a Theorie und Forschung
|p Psychologie
|v 78 = 205 [d. Gesamtw.]
|9 78
|w (DE-627)13090158X
|w (DE-576)012758388
|w (DE-600)1044720-9
|7 am
|
| 830 |
|
0 |
|a Theorie und Forschung
|v 205
|9 205
|w (DE-627)130471267
|w (DE-576)032313756
|w (DE-600)743101-6
|x 0939-1843
|7 am
|
| 856 |
4 |
2 |
|u http://www.gbv.de/dms/spk/sbb/toc/273459821.pdf
|m V:DE-601
|m B:DE-1
|q pdf/application
|x Verlag
|y Inhaltsverzeichnis
|3 Inhaltsverzeichnis
|7 1
|
| 935 |
|
|
|a mkri
|
| 935 |
|
|
|i Blocktest
|
| 936 |
r |
v |
|a DG 8000
|b Jugendkriminalität, Fürsorgeerziehung, Resozialisierung
|k Pädagogik
|k Spezialfragen der Erziehung
|k Jugendkriminalität, Fürsorgeerziehung, Resozialisierung
|0 (DE-627)1270769502
|0 (DE-625)rvk/19561:
|0 (DE-576)200769502
|
| 936 |
r |
v |
|a PH 8420
|b Kinderkriminalität; Jugendkriminalität; Frauenkriminalität, Mädchenkriminalität; Alterskriminalität; Ausländerkriminalität
|k Rechtswissenschaft
|k Strafrecht, Strafverfahrensrecht, Kriminologie
|k Kriminologie
|k Soziale Profile; Soziale Gruppen; Tätergemeinschaften (hier auch: Internationale Kriminalität)
|k Kinderkriminalität; Jugendkriminalität; Frauenkriminalität, Mädchenkriminalität; Alterskriminalität; Ausländerkriminalität
|0 (DE-627)1271674998
|0 (DE-625)rvk/136501:
|0 (DE-576)201674998
|
| 936 |
r |
v |
|a CW 8100
|b Kriminologie, Kriminalistik (soweit für Psychologie von Interesse)
|k Psychologie
|k Angewandte Psychologie
|k Andere Gebiete der angewandten Psychologie
|k Kriminologie, Kriminalistik (soweit für Psychologie von Interesse)
|0 (DE-627)127149616X
|0 (DE-625)rvk/19208:
|0 (DE-576)20149616X
|
| 936 |
r |
v |
|a MS 2400
|b Jugendkriminalität und -verwahrlosung
|k Soziologie
|k Spezielle Soziologien
|k Jugendsoziologie
|k Jugendkriminalität und -verwahrlosung
|0 (DE-627)1271440997
|0 (DE-625)rvk/123637:
|0 (DE-576)201440997
|
| 951 |
|
|
|a BO
|
| ELC |
|
|
|b 1
|
| LOK |
|
|
|0 000 xxxxxcx a22 zn 4500
|
| LOK |
|
|
|0 001 3155213906
|
| LOK |
|
|
|0 003 DE-627
|
| LOK |
|
|
|0 004 273459821
|
| LOK |
|
|
|0 005 19930309000000
|
| LOK |
|
|
|0 008 930309||||||||||||||||ger|||||||
|
| LOK |
|
|
|0 040
|a DE-Frei85
|c DE-627
|d DE-Frei85
|
| LOK |
|
|
|0 852
|a DE-Frei85
|
| LOK |
|
|
|0 852 1
|m p
|9 00
|
| LOK |
|
|
|0 938
|k p
|
| LOK |
|
|
|0 939
|a 09-03-93
|b l01
|
| ORI |
|
|
|a SA-MARC-krimdoka001.raw
|